Catálogo público

Reporte de estancia en planta CITROMÉXICO S. A. de C. V. / (Record no. 176440)

MARC details
000 -CABECERA
campo de control de longitud fija 01857nam a2200373Ia 4500
001 - NÚMERO DE CONTROL
campo de control dia_5521
003 - IDENTIFICADOR DEL NÚMERO DE CONTROL
campo de control CHAP
005 - FECHA Y HORA DE LA ÚLTIMA TRANSACCIÓN
campo de control 20240131135437.0
007 - CAMPO FIJO DE DESCRIPCIÓN FÍSICA--INFORMACIÓN GENERAL
campo de control de longitud fija ta
008 - DATOS DE LONGITUD FIJA--INFORMACIÓN GENERAL
campo de control de longitud fija 220117s1992 mx ade fr 001 0 spa d
040 ## - FUENTE DE LA CATALOGACIÓN
Centro/agencia transcriptor CHAP
Centro catalogador/agencia de origen mxchpua
090 ## - LOCALMENTE ASIGNADO TIPO-LC NÚMERO DE CLASIFICACIÓN (OCLC); NÚMERO DE CLASIFICACIÓN LOCAL (RLIN)
Número de clasificación (OCLC) (R) ; Numero de clasificación, CALL (RLIN) (NR) T.C.145
Número cutter local (OCLC) ; Número de libro/Signatura topográfica íntegra, CALL (RLIN) Y33 ETIPA
Año 1992
245 10 - MENCIÓN DE TÍTULO
Título Reporte de estancia en planta CITROMÉXICO S. A. de C. V. /
Mención de responsabilidad, etc. coordinadora Ma. Carmen Ybarra Moncada ; colaboradores Martín Arcadio Cruz López...[ et al. ]
260 ## - PUBLICACIÓN, DISTRIBUCIÓN, ETC.
Lugar de publicación, distribución, etc. México :
Nombre del editor, distribuidor, etc. El autor,
Fecha de publicación, distribución, etc. 1992
300 ## - DESCRIPCIÓN FÍSICA
Extensión cerca 90 hojas :
Otras características físicas ilustraciones, gráficas, diagramas, tablas, planos
336 ## - TIPO DE CONTENIDO
Fuente rdacontent
Término de tipo de contenido texto
Código de tipo de contenido txt
337 ## - TIPO DE MEDIO
Fuente rdamedia
Nombre/término del tipo de medio sin medio
Código del tipo de medio n
338 ## - TIPO DE SOPORTE
Fuente rdacarrier
Nombre/término del tipo de soporte volumen
Código del tipo de soporte nc
500 ## - NOTA GENERAL
Nota general 7º año
502 ## - NOTA DE TESIS
Nota de tesis Viaje de estudios
Tipo de título (ETIPA) --
Nombre de la institución que otorga el título UACh. Departamento de Ingeniería Agroindustrial,
Año de obtención del título 1992
504 ## - NOTA DE BIBLIOGRAFÍA, ETC.
Nota de bibliografía, etc. Bibliografía: hoja 71
505 ## - NOTA DE CONTENIDO CON FORMATO
Nota de contenido con formato 8 Planos -- <br/>1. Plano de obra cívil (Esc. 1: 500) -- <br/>2. Distribución de equipo I (Esc. 1 : 500) -- <br/>3. Distribución de equipo II (Esc. 1 : 500) -- <br/>4. Distribución de áreas (1 : 500) -- <br/>5. Diagrama de flujo del proceso de elaboración de jugo de naranja -- <br/>6. Diagrama de tubería e instrumentación de extracción, evaporazación y llenado --<br/>7. Diagrama de tubería e instrumentación -- <br/>8. Cursograma analítico para jugo, cáscara y aceite de naranja (Esc. 1 : 500)
650 13 - PUNTO DE ACCESO ADICIONAL DE MATERIA--TÉRMINO DE MATERIA
Término de materia o nombre geográfico como elemento de entrada Jugo de naranja
Subdivisión general Industria y comercio
9 (RLIN) 158840
Subdivisión geográfica México
-- Nuevo León
650 13 - PUNTO DE ACCESO ADICIONAL DE MATERIA--TÉRMINO DE MATERIA
Término de materia o nombre geográfico como elemento de entrada Orange juice industry
9 (RLIN) 158841
Subdivisión geográfica Mexico
-- Nuevo León
700 1# - PUNTO DE ACCESO ADICIONAL--NOMBRE DE PERSONA
Nombre de persona Ybarra Moncada, Ma. Carmen
9 (RLIN) 163649
Término indicativo de función/relación coordinadora
700 1# - PUNTO DE ACCESO ADICIONAL--NOMBRE DE PERSONA
Nombre de persona Cruz López, Martín Arcadio
9 (RLIN) 29483
Término indicativo de función/relación colaborador
942 ## - ELEMENTOS DE PUNTO DE ACCESO ADICIONAL (KOHA)
Fuente del sistema de clasificación o colocación Clasificación Universidad Autónoma de Chapingo
901 ## - ELEMENTOS DE DATOS A LOCAL LDA (RLIN)
a T.C.145 Y33 ETIPA 1992
902 ## - ELEMENTOS DE DATOS B LOCAL, LDB (RLIN)
a M
905 ## - ELEMENTOS DE DATOS E LOCAL, LDE (RLIN)
a 5332271992 mx enia8222223322spa16
942 ## - ELEMENTOS DE PUNTO DE ACCESO ADICIONAL (KOHA)
Tipo de ítem Koha Viaje de Estudios
Holdings
Estado de retiro Estado de pérdida Fuente del sistema de clasificación o colocación Estado dañado Restricciones de uso No para préstamo Código de colección Localización permanente Ubicación/localización actual Fecha de adquisición Fuente de adquisición Total de préstamos Signatura topográfica completa Código de barras Fecha visto por última vez Número de copia Precio válido a partir de Tipo de ítem Koha
    Clasificación Universidad Autónoma de Chapingo   Préstamo 5 días   Viajes de Estudio Ingenieria Agroindustrial Ingenieria Agroindustrial 18/01/2022 El autor   T.C.145 Y33 ETIPA 1992 1106008107 26/01/2026 Ej. 2 18/01/2022 Viaje de Estudios
    Clasificación Universidad Autónoma de Chapingo   Préstamo interno   Viajes de Estudio Ingenieria Agroindustrial Ingenieria Agroindustrial 18/01/2022 El autor   T.C.145 Y33 ETIPA 1992 1106008106 26/01/2026 Ej. 1 18/01/2022 Viaje de Estudios